| 000 | 00915cam a2200325 4500500 | ||
|---|---|---|---|
| 005 | 20260405003627.0 | ||
| 041 | _afre | ||
| 042 | _adc | ||
| 100 | 1 | 0 |
_aLegros, Martin _eauthor |
| 245 | 0 | 0 | _aCatherine Malabou-Jean-Claude Monod : être ou ne pas être gouverné ? |
| 260 | _c2023. | ||
| 500 | _a77 | ||
| 690 | _aAnarchie | ||
| 690 | _aCarl Schmitt | ||
| 690 | _aCatherine Malabou | ||
| 690 | _aContrôle | ||
| 690 | _aDémocratie | ||
| 690 | _aDomination | ||
| 690 | _aDroit | ||
| 690 | _aGouvernement | ||
| 690 | _aJean-Claude Monod | ||
| 690 | _aOrdre | ||
| 690 | _aOrdre public | ||
| 690 | _aPeuple | ||
| 690 | _aPouvoir | ||
| 690 | _aReprésentation | ||
| 690 | _aSouveraineté | ||
| 786 | 0 | _nPhilosophie magazine | 166 | 1 | 2023-02-01 | p. 29-32 | 1951-1787 | |
| 856 | 4 | 1 | _uhttps://shs.cairn.info/magazine-philosophie-magazine-2023-1-page-29?lang=fr&redirect-ssocas=7080 |
| 999 |
_c2069407 _d2069407 |
||